Šesť zásahov na úvod V Belgicku včera otvorili 29. MEJ v stolnom tenise

Bibliographic Details
Format: Article
Language:Slovak
Subjects:

MARC

LEADER 00000nab a2200000 a 4500
001 vtls000258843
003 SK-MaSNL
005 20260302220837.0
008 111130c1986 xo 0 slo
015 |a SNBRB19rr/mm-uuuuu 
035 |a CL0268957 
040 |a SNKBUCL  |b slo  |c SNKBUCL  |e AACR2 
041 0 |a slo 
044 |a xo  |c SK 
080 |a 796.386.093.1-053.67(4)  |2 1981 
245 0 0 |a Šesť zásahov na úvod  |b V Belgicku včera otvorili 29. MEJ v stolnom tenise 
650 0 7 |a stolný tenis  |2 snkbucl  |9 25562 
655 7 |a články z novín a časopisov  |2 snkbucl  |9 267496 
773 0 |t Šport  |g Roč. 40, č. 169 (21. 7. 1986), s. 6 
850 |a Slovenská národná knižnica v Martine  |a MTA001 
852 |a SNK  |b KIS3GCP 
958 |a RK 
992 |a RBX 
999 |c 1508939  |d 1510869